Statistics for Oldest languages in the world

Click here to take the quiz!

General Stats

  • This quiz has been taken 161 times
  • The average score is 5 of 10

Answer Stats

HintAnswer% Correct
1450 BCGreek
86%
1000 BCHebrew
72%
1250 BCChinese
70%
2690 BCEgyptian
57%
1500 BCSanskrit
53%
300 BCTamil
43%
no later than 57 BCKorean
42%
100 BCItalian
33%
522 BCFarsi
20%
1100 BCAramaik
5%

Score Distribution

Percentile by Number Answered

Percent of People with Each Score

Your Score History

You have not taken this quiz